000 00351nam a22001217a 4500
040 _cHS
082 _a628
100 _aសន វិបុល
245 _aAgricultural waste management : ការគ្រប់គ្រងកាកសំណល់កសិកម្ម
260 _aRUA
_bសន វិបុល
_c2008
300 _aNA
942 _cKB
999 _c10102
_d10102